000
00306nam a2200109Ia 4500
008
220216s9999 xx 000 0 und d
100
_a
Haridasan V
245
0
_a
Utilisation of rubber wood in India
260
_b
International Rubber Conference India 1980
_c
1980
700
_a
Krishnankutty P N
942
_c
JS
999
_c
72018
_d
72018